| 000 | 00724nam a2200193Ia 4500 | ||
|---|---|---|---|
| 008 | 151121s9999||||xx |||||||||||||| ||und|| | ||
| 082 | _a590/सोवनी | ||
| 082 | _bHNW-35878 | ||
| 100 | _aसोवनी रा। वि।-अनु। (अली) | ||
| 245 | _aभारतीय पक्षी | ||
| 260 | _b"नॅशनल बुक ट्रस्ट, इंडिया, दिल्ली।" | ||
| 260 | _c-- | ||
| 300 | _a121 | ||
| 600 | _aसोवनी रा। वि।-अनु। (अली) | ||
| 630 | _aभारतीय पक्षी | ||
| 700 | _aसोवनी रा। वि।-अनु। (अली) | ||
| 730 | _aभारतीय पक्षी | ||
| 942 | _cBOOK | ||
| 999 |
_c1228140 _d1228137 |
||